000 00558nam a2200121Ia 4500
008 220615s9999||||xx |||||||||||||| ||und||
100 _aJuan A. Blanco||Shih-Chieh Chang||Yueh-Hsin Lo
245 0 _aTropical Forests - The Challenges of Maintaining Ecosystem Services while Managing the Landscape
546 _aEnglish[eng]
650 _aLife Sciences||Earth Science||Climatology||Environmental Sciences
856 _uhttps://www.intechopen.com/books/tropical-forests-the-challenges-of-maintaining-ecosystem-services-while-managing-the-landscape
942 _cEB
999 _c14898
_d14898